Educación física: programa de estudio sexto año básico NB4
Сохранить в:
| Формат: | |
|---|---|
| Язык: | испанский |
| Опубликовано: |
Santiago
Ministerio de Educación
1999
|
| Серии: | Educación Básica, 6
|
| Предметы: | |
| Метки: |
Добавить метку
Нет меток, Требуется 1-ая метка записи!
|
MARC
| LEADER | 00000nam a2200000 a 4500 | ||
|---|---|---|---|
| 001 | UCP9504 | ||
| 003 | CL-VaPUC | ||
| 008 | 000331e19990000CL |||||||||||||||||spa|d | ||
| 020 | |a 9567933014 | ||
| 082 | 0 | 4 | |a 372.86 |b MIN |2 21 |
| 245 | 1 | 0 | |a Educación física: programa de estudio sexto año básico NB4 |
| 300 | |a 71 p | ||
| 942 | |c BK | ||
| 945 | |d 20000331 00:00:00 |a rbrito | ||
| 260 | |a Santiago |b Ministerio de Educación |c 1999 | ||
| 650 | 7 | |a ENSEÑANZA DE LA EDUCACION FISICA |2 CL-VaPUC |9 394746 | |
| 650 | 0 | |a Métodos de enseñanza |9 270413 | |
| 650 | 0 | |a Educación básica |9 224933 | |
| 583 | |a last modification |c 20140401 06:30:07 |k Rodrigo Vera | ||
| 490 | 0 | |a Educación Básica, 6 | |
| 999 | |c 286316 |d 286314 | ||
| 952 | |0 0 |1 0 |4 0 |6 372_860000000000000_MIN_1999 |7 0 |8 R |9 331998 |a BIBEDU |b BIBEDU |d 2019-11-20 |i 3597288 |o 372.86 MIN 1999 |p 3597288 |r 2019-11-20 |w 2019-11-20 |y BK_R |k BME | ||
| 952 | |0 0 |1 0 |4 0 |6 372_860000000000000_MIN_1999 |7 0 |8 R |9 331999 |a BIBEDU |b BIBEDU |d 2019-11-20 |i 3607275 |o 372.86 MIN 1999 |p 3607275 |r 2019-11-20 |w 2019-11-20 |y BK_R |k BME | ||
| 952 | |0 0 |1 0 |4 0 |6 372_860000000000000_MIN_1999 |7 0 |8 R |9 332000 |a BIBEDU |b BIBEDU |d 2019-11-20 |i 3778428 |o 372.86 MIN 1999 |p 3778428 |r 2019-11-20 |w 2019-11-20 |y BK_R |k EPE | ||
| 952 | |0 0 |1 0 |4 0 |6 372_860000000000000_MIN_1999 |7 0 |8 R |9 332002 |a BIBEDU |b BIBEDU |d 2019-11-20 |i 427752K |o 372.86 MIN 1999 |p 427752K |r 2019-11-20 |w 2019-11-20 |y BK_R |k EBA | ||